Score 0/12 Timer 03:00
6 Plays Today
Task Object % Correct
Slay the nine-headed...Lernaean Hydra
83.1%
Capture the three-headed watchdog...Cerberus
75.5%
Slay the...Nemean Lion
64.2%
Clean the...Augean Stables
54.7%
Steal the golden...Apples of the Hesperides
36.4%
Capture the...Erymanthian Boar
33.8%
Steal the man eating...Mares of Diomedes
26.4%
Capture the...Cretan Bull
24.8%
Slay the...Stymphalian Birds
24.7%
Obtain the belt of...Hippolyte
23.6%
Capture the...Golden Hind of Artemis
23.2%
Obtain the cattle of the monster...Geryon
15.5%
Come Together.
Have Fun.
All Virtual.
We all need to come together. Play Sporcle's virtual live trivia to have fun, connect with people, and get your trivia on. Join a live hosted trivia game for your favorite pub trivia experience done virtually. If a virtual private party is more your thing, go here for details.

You're not logged in!

Compare scores with friends on all Sporcle quizzes.
OR
Log In

Sporcle TV

Today on Sporcle TV


Watch our educational content, quiz creation guides, and fun videos on Sporcle TV.

Show Comments

Extras

Top Quizzes Today


Score Distribution

Paid Content

Your Account Isn't Verified!

In order to create a playlist on Sporcle, you need to verify the email address you used during registration. Go to your Sporcle Settings to finish the process.

Report this User

Report this user for behavior that violates our Community Guidelines.

Details: